000 00437nam a2200145Ia 4500
008 230917s9999||||xx |||||||||||||| ||und||
040 _e167502
_aMAIN
041 _aEnglish
082 _a891.432741 KR151S
100 _aकश्यप, रामेश्वर सिंह
245 0 _aसमाधान
260 _aदिल्ली
_bहिन्दी साहित्य संसार
300 _a80 p.
942 _cHN
999 _c203553
_d203553